Japan : 5000BC - Today
| Main Author: | |
|---|---|
| Format: | Book |
| Published: |
London :
Franklin Watts ,
1988
|
| Series: | Great civilizations
|
| Subjects: |
MARC
| LEADER | 00000cam a2200000 7i4500 | ||
|---|---|---|---|
| 001 | 0000005702 | ||
| 002 | 000006164 | ||
| 005 | 20060209.0 | ||
| 020 | |a 0863137008 | ||
| 090 | 0 | 0 | |a 909 |b GRE |
| 100 | 1 | |a Pilbeam, Mavis | |
| 245 | 1 | 0 | |a Japan : |b 5000BC - Today |c Mavis Pilbeam |
| 260 | |a London : |b Franklin Watts , |c 1988 | ||
| 300 | |a 36 p. : |b ill. ; |c 29 cm. | ||
| 490 | 0 | |a Great civilizations | |
| 650 | 0 | 0 | |a Japan |x Civilizations |x Juvenile literature |
| 999 | |a 026920 |b BUKU |c JUNIOR BOOKS |e PERPUSTAKAAN KOMUNITI PETALING JAYA | ||